[Event "82nd ch-ARG Playoff"]
[Site "Mendoza ARG"]
[Date "2008.06.01"]
[Round "1"]
[White "Felgaer,R"]
[Black "Peralta,Fe"]
[Result "1-0"]
[WhiteElo "2574"]
[BlackElo "2546"]
[EventDate "2008.06.01"]

1. e4 c6 2. d4 d5 3. e5 Bf5 4. Be3 e6 5. Nd2 Nd7 6. f4 Qb6 7. Nb3 g5 8. Nf3
g4 9. Nfd2 a5 10. a4 h5 11. Be2 Nh6 12. O-O Be7 13. Bf2 Bg6 14. Rc1 Nf5 15.
Bd3 Kf8 16. Qe2 h4 17. Rfd1 Kg7 18. Nf1 Rag8 19. Ne3 g3 20. Nxf5+ exf5 21.
hxg3 hxg3 22. Bxg3 Nf8 23. Qd2 Bb4 24. Qe3 Ne6 25. Kf2 Be7 26. Rh1 Rc8 27.
Rxh8 Rxh8 28. Kg1 Qd8 29. c4 Qb6 30. Bf1 dxc4 31. Bxc4 Rd8 32. Bf2 Qc7 33.
d5 cxd5 34. Bxd5 Qd7 35. Bxe6 Qxe6 36. Nxa5 Bb4 37. Nb3 Qd5 38. Nd4 b6 39.
Qb3 Bd2 40. Qxd5 Rxd5 41. Rc7 Kg8 42. g3 Bb4 43. Rc4 Bc5 44. b4 Be7 45. Kg2
f6 46. Nc6 Bf8 47. e6 Be8 48. e7 Bh6 49. b5 Rd2 50. Kf3 Bh5+ 51. g4 fxg4+
52. Kg3 Rd3+ 53. Kg2 Rd2 54. Re4 Be8 55. Kg3 f5 56. Rd4 Re2 57. Rd5 Re4 58.
Rxf5 Rxa4 59. Bxb6 Bd7 60. Ne5 Bxb5 61. Nxg4 Ra3+ 62. Kh4 Bxf4 63. Rxb5
Bg3+ 64. Kh5 Kf7 65. Rf5+ Kxe7 66. Bc5+ 1-0

[Event "82nd ch-ARG Playoff"]
[Site "Mendoza ARG"]
[Date "2008.06.01"]
[Round "2"]
[White "Valerga,D"]
[Black "Felgaer,R"]
[Result "0-1"]
[WhiteElo "2482"]
[BlackElo "2574"]
[EventDate "2008.06.01"]

1. e4 c5 2. Nf3 Nf6 3. c3 e6 4. e5 Nd5 5. Bc4 d6 6. d4 cxd4 7. cxd4 dxe5 8.
Nxe5 Nc6 9. O-O Be7 10. Qg4 Bf6 11. Qe4 O-O 12. Nc3 Nde7 13. Be3 Nf5 14.
Nxc6 bxc6 15. Qxc6 Rb8 16. Rad1 Rxb2 17. Ba6 Bd7 18. Qc4 Qa5 19. Ne4 Rxa2
20. Nc5 Bc6 21. Rfe1 Bd5 22. Qb5 Qxb5 23. Bxb5 Nxe3 24. Rxe3 Rb8 25. Bf1
Rbb2 26. Ne4 Bxe4 27. Rxe4 Rd2 28. Rxd2 Rxd2 29. d5 Rxd5 30. Ra4 Bd4 31. g3
Bb6 32. Ra2 g6 33. Kg2 Kg7 34. Ba6 Rd4 35. h3 Rb4 36. g4 Bd4 37. Kf3 Rb3+
38. Kg2 Kf6 39. Rd2 Rb4 40. Kf3 Kg5 41. Kg2 h5 42. gxh5 Kxh5 43. Rc2 Bb6
44. Kg3 Kg5 45. f3 f5 46. Bc8 e5 47. Bd7 Rd4 48. Be8 Rd8 49. h4+ Kh5 50.
Bf7 Rf8 51. Be6 Bd8 52. Rc4 Rf6 53. Bd7 Rd6 54. Be8 a5 55. Kh3 Re6 56. Bf7
Re7 57. Rc8 Rd7 58. Be8 Rd6 59. Bf7 Kh6 60. Ra8 Kg7 61. Be8 e4 62. fxe4
fxe4 63. Kg3 e3 64. Kf3 e2 65. Ra7+ Kf8 66. Kf2 Bb6+ 0-1

[Event "82nd ch-ARG Playoff"]
[Site "Mendoza ARG"]
[Date "2008.06.01"]
[Round "3"]
[White "Peralta,Fe"]
[Black "Valerga,D"]
[Result "1-0"]
[WhiteElo "2546"]
[BlackElo "2482"]
[EventDate "2008.06.01"]

1. d4 Nf6 2. c4 g6 3. Nc3 d5 4. cxd5 Nxd5 5. e4 Nxc3 6. bxc3 Bg7 7. Bc4 c5
8. Ne2 O-O 9. O-O Nc6 10. Be3 Bd7 11. Rb1 Qc7 12. Bf4 Qc8 13. d5 Na5 14.
Bd3 c4 15. Bc2 e5 16. Bd2 b6 17. f4 Qc5+ 18. Kh1 f6 19. Ng3 Nb7 20. a4 Rae8
21. f5 Nd6 22. Qf3 Rf7 23. Be3 Qc7 24. h4 gxf5 25. exf5 e4 26. Qg4 Re5 27.
Bf4 Nxf5 28. Bxe5 Nxg3+ 29. Qxg3 Qxe5 30. Qxe5 fxe5 31. Rxf7 Kxf7 32. Bxe4
Bxa4 33. Bxh7 b5 34. Be4 a5 35. g4 Bb3 36. Rf1+ Ke7 37. g5 b4 38. h5 bxc3
39. h6 Bf8 40. d6+ Kxd6 41. Rxf8 c2 42. Rf1 1-0

[Event "82nd ch-ARG Playoff"]
[Site "Mendoza ARG"]
[Date "2008.06.01"]
[Round "4"]
[White "Peralta,Fe"]
[Black "Felgaer,R"]
[Result "1/2-1/2"]
[WhiteElo "2546"]
[BlackElo "2574"]
[EventDate "2008.06.01"]

1. d4 d5 2. c4 c6 3. Nc3 dxc4 4. e4 b5 5. a4 b4 6. Na2 Nf6 7. e5 Nd5 8.
Bxc4 e6 9. Nf3 a5 10. Bg5 Qb6 11. Nc1 Ba6 12. Qe2 c5 13. Nb3 h6 14. Bd2 Be7
15. dxc5 Bxc5 16. Rc1 Be7 17. Bxa6 Qxa6 18. Nfd4 Qxe2+ 19. Kxe2 Kd7 20. f4
g6 21. g4 h5 22. h3 hxg4 23. hxg4 Na6 24. f5 gxf5 25. gxf5 Rxh1 26. Rxh1
exf5 27. Rh7 Nc5 28. Nxc5+ Bxc5 29. Nxf5 Ke6 30. Nh6 Rf8 31. Ng4 Rg8 32.
Kf3 Bd4 33. b3 Bxe5 34. Nxe5 Kxe5 35. Rxf7 Kd4 36. Rd7 Rf8+ 37. Ke2 Re8+
38. Kd1 Rc8 39. Rd6 Rc5 40. Be1 Ke4 41. Re6+ Kd3 42. Rd6 Ke4 43. Re6+ Kd3
44. Rd6 Ke4 45. Re6+ Kd3 1/2-1/2

[Event "82nd ch-ARG Playoff"]
[Site "Mendoza ARG"]
[Date "2008.06.01"]
[Round "5"]
[White "Felgaer,R"]
[Black "Valerga,D"]
[Result "1/2-1/2"]
[WhiteElo "2574"]
[BlackElo "2482"]
[EventDate "2008.06.01"]

1. e4 c5 2. Nf3 e6 3. Nc3 d6 4. g3 Nf6 5. Bg2 Be7 6. O-O O-O 7. e5 dxe5 8.
Nxe5 Qc7 9. Re1 Nfd7 10. d4 cxd4 11. Nb5 Qb6 12. Nxd7 Bxd7 13. Nxd4 Rd8 14.
Be3 Qa6 15. Qe2 Qxe2 16. Rxe2 Nc6 17. Nxc6 Bxc6 18. Bxc6 bxc6 19. Rd2 Rxd2
20. Bxd2 Rd8 21. Be3 a6 22. Kf1 f5 23. Ke2 Kf7 24. Rd1 Rxd1 25. Kxd1 e5 26.
Ke2 Ke6 27. f3 h5 28. h3 g5 29. g4 hxg4 30. hxg4 e4 1/2-1/2